• 首页
  • 本馆介绍
  • 公告通知
  • 最新文献
  • 馆藏检索
  • 电子资源
  • 读者导购
  • 参考咨询
  • 我的图书馆
  • 登录
  • 详细信息显示
  • 放入我的书架
  • 预约/预借图书
  • 作者相关作品
  • 分类相关作品
  • 丛书相关作品
  • 出版社相关作品

书目信息

  • 表格格式
  • 工作单格式
  • 卡片格式
题名:
计算机地质制图及应用
    
 
作者: 吕国祥 , 张瀛 编著
分册:  
出版信息: 成都   电子科技大学出版社  2013
页数: 244页
开本: 24cm
丛书名:
单 册:
中图分类: P285.1-39
科图分类:
主题词: 地质图--计算机制图--应用软件--高等学校--教材 , 地质图 , 计算机制图 , 应用软件
电子资源:
ISBN: 978-7-5647-1409-3
000 00988nam0 2200289 450
001 012015000705
005 20150914155148.01
010    @a978-7-5647-1409-3@dCNY48.00
100    @a20140429d2013 em y0chiy50 ea
101 0  @achi
102    @aCN@b510000
105    @ay z 000yy
106    @ar
200 1  @a计算机地质制图及应用@Aji suan ji di zhi zhi tu ji ying yong@f吕国祥,张瀛编著
210    @a成都@c电子科技大学出版社@d2013
215    @a244页@d24cm
300    @a高等学校教学用书
330    @a本书优选了当前石油地质研究工作中常用和流行的Surfer8.0绘图软件、GeoMap3.2绘图软件、Gxplorer软件、ResForm软件等绘图软件,讲解这些软件的用法及地质绘图的基本方法。
606 0  @a地质图@x计算机制图@x应用软件@x高等学校@j教材
606 0  @a地质图
606 0  @a计算机制图
606 0  @a应用软件
690    @aP285.1-39@v5
701  0 @a吕国祥@Alv guo xiang@4编著
701  0 @a张瀛@Azhang ying@c(计算机)@4编著
801  0 @aCN@b碧洲教育@c20150718
905    @a10447@f4@dP285.1-39@e224
    
    计算机地质制图及应用/吕国祥,张瀛编著.-成都:电子科技大学出版社,2013
    244页;24cm
    高等学校教学用书
    
    ISBN 978-7-5647-1409-3:CNY48.00
    本书优选了当前石油地质研究工作中常用和流行的Surfer8.0绘图软件、GeoMap3.2绘图软件、Gxplorer软件、ResForm软件等绘图软件,讲解这些软件的用法及地质绘图的基本方法。
●
相关链接 在E读中查询图书 在五车中查询图书 在当当中查询图书 在豆瓣中查询图书


正题名:计算机地质制图及应用     索取号:P285.1-39/224         预约/预借

序号 登录号 条形码 馆藏地/架位号 状态 备注
1 0848363   208483639   第二样本阅览室/ [索取号:P285.1-39/224] 在馆    
2 0848364   208483648   第三借阅区/ [索取号:P285.1-39/224] 在馆    
3 0848365   208483657   第三借阅区/ [索取号:P285.1-39/224] 在馆    
4 0848366   208483666   密集书库—计算机科学学院/ [索取号:P285.1-39/224] 在馆    
唐山师范学院图书馆 欢迎您!
大连网信软件有限公司© 版权所有